00803nam a22001457a 4500003000400000020001800004082001500022100001900037245004000056250000800096260002900104300000800133650004000141653047600181SGT a9788131731574 a519.5, LEV aLEVINE,DAVID M aBUSINESS STATISTICS: A FIRST COURSE a5TH aNEW DELHIbPEARSONc2011 a665 aPROBABILITIES & APPLIED MATHEMATICS aINTRODUCTION AND DATA COLLECTION PRESENTING DATA IN TABLES AND CHARTS NUMERICAL DESCRIPTIVE MEASURES BASIC PROBABILITY DISCRETE PROBABILITY DISTRIBUTIONS THE NORMAL DISTRIBUTION SAMPLING AND SAMPLING DISTRIBUTIONS CONFIDENCE INTERVAL ESTIMATION FUNDAMENTALS OF HYPOTHESIS TESTING: ONE-SAMPLE TESTS TWO-SAMPLE TESTS AND ONE-WAY ANOVA CHI-SQUARE TESTS SIMPLE LINEAR REGRESSION MULTIPLE REGRESSION STATISTICAL APPLICATIONS IN QUALITY MANAGEMENT DECISION ANALYSIS FORECASTING